Statistics for NFL Football Teams: Birds

Click here to take the quiz!

General Stats

  • This quiz has been taken 337 times
  • The average score is 5 of 5

Answer Stats

Answer% Correct
Eagles
99%
Falcons
97%
Seahawks
94%
Cardinals
93%
Ravens
93%

Score Distribution

Percentile by Number Answered

Percent of People with Each Score

Your Score History

You have not taken this quiz